000 01160nam a2200301 i 4500
003 EG-GICUC
005 20260121101326.0
008 251120s1969 ua ||||fr|||| 00| 0 ara d
017 _a١٩٦٩/١٤٩١
040 _a EG-GICUC
_bara
_c EG-GICUC
_d EG-GICUC
_erda
041 0 _aara
082 0 4 _221
_a345.455
_bإ س . ت
092 0 4 _221
099 _aLaw1 07 345.455 إ س . ت 1969
100 0 _aإسماعيل صبري عبد الله
_eمؤلف.
245 1 0 _aتنظيم القطاع العام :
_bالأسس النظرية وأهم القضايا التطبيقية /
_cالدكتور إسماعيل صبري عبد الله.
264 3 _aالقاهرة :
_bدار المعارف بمصر،
_c1969.
300 _a556 ؛صفحة
_c24 سم.
336 _2rda content
_atext
337 _2rda media
_aComputer
338 _2rda carrier
_aOnline Resource
504 _aيشتمل على إرجاعات ببليوجرافية.
546 _aالنص باللغة الإنجليزية
650 1 4 _aالقانون الإداري
856 4 0 _uhttps://fll.law.cu.edu.eg/fulltext/bks/B07-00001.pdf
905 _a32
_eYara
942 _2ddc
_cBK
_e21
_n0
999 _c44980
_d44980